000 00746nam a2200205Ii 4500
003 JO-AjNU
008 230605s9999||||xx |||||||||||||| ||und||
017 _a2013/12/4185
040 _aJO-AjNU
_bara
_erda
_cJO-AjNU
041 _aara
050 1 4 _aHQ1729.A44 2014
100 3 _aالعجلوني، كامل محمد صالح,
_eauthor
_946192
245 0 0 _aواقع المرأة الاردنية بين الدين والمجتمع
264 3 1 _aعمان:المؤلف، 2014
300 _a363ص
_bيحتوي على ببلوغرافية من 356-363ص
336 _atext
_btxt
_2rdacontent
337 _aunmediated
_bn
_2rdamedia
338 _avolume
_bnc
_2rdacarrier
650 4 _aالمرأة- احوال اجتماعية -الاردن
_946193
999 _aA20077
_c23645
_d23645